000 01431nam a2200253Ia 4500
999 _c37473
_d37473
001 3434
003 GE_BSU
005 20190614190111.0
008 181216s2009||||ge |||||||||||||| ||geo||
020 _a9789941409257
040 _cGE_BSU
080 _a631.115.1(035)+338.22(035)+005.5119(035) ბ–66
245 _aბიზნეს პროექტის მომზადება აგრარულ სექტორში :
_bსახელმძღვ. ცნობარი ფერმერთათვის /
_cავტ.: ს. თურმანიძე, ი. ძირკვაძე, რ. ბერიძე, დ. ძირკვაძე ; [რედ. ო. შაინიძე
264 _aბათუმი :
_bშოთა რუსთაველის სახელმწ. უნ-ტი,
_c2009.
300 _a51 გვ. ;
_b ცხრ. ;
_c20 სმ.
653 _aფერმერული მეურნეობები - ცნობარები
653 _aბიზნეს გეგმა
700 _aთურმანიძე, ს.
_eავტორი
_91807
700 _aძირკვაძე, ი.
_eავტორი
_91806
700 _aბერიძე, რ.
_eავტორი
_91808
700 _aძირკვაძე, დ.
_eავტორი
_91809
700 _aშაინიძე, ო.
_eრედაქტორი
_91798
942 _cBK
_2udc